Intermediate Algebra/ (Record no. 6317)

000 -LEADER
fixed length control field 00450nam a22001577a 4500
008 - FIXED-LENGTH DATA ELEMENTS--GENERAL INFORMATION
fixed length control field 150923b xxu||||| |||| 00| 0 eng d
020 ## - INTERNATIONAL STANDARD BOOK NUMBER
International Standard Book Number 1256135895
050 ## - LIBRARY OF CONGRESS CALL NUMBER
Classification number QA 154.3 .S85 2010
100 ## - MAIN ENTRY--PERSONAL NAME
Personal name Sullivan Michael.
Dates associated with a name 2010.
245 ## - TITLE STATEMENT
Title Intermediate Algebra/
Statement of responsibility, etc. Michael Sullivan.-
250 ## - EDITION STATEMENT
Edition statement 2nd ed.:
260 ## - PUBLICATION, DISTRIBUTION, ETC. (IMPRINT)
Place of publication, distribution, etc. United States;
Name of publisher, distributor, etc. Pearson,
Date of publication, distribution, etc. 2010.
300 ## - PHYSICAL DESCRIPTION
Extent xix,737p.:ill.
Other physical details includes index,
700 ## - ADDED ENTRY--PERSONAL NAME
Personal name Katherine R.Struve
942 ## - ADDED ENTRY ELEMENTS (KOHA)
Source of classification or shelving scheme
Koha item type Hard Covered Materials
Holdings
Withdrawn status Lost status Source of classification or shelving scheme Damaged status Not for loan Home library Current library Date acquired Source of acquisition Total Checkouts Full call number Barcode Date last seen Price effective from Koha item type
          MACHAKOS UNIVERSITY LIBRARY MACHAKOS UNIVERSITY LIBRARY 23/09/2015 Donation(B.F.A)   QA 154.3 .S85 2010 12218 04/06/2019 23/09/2015 Hard Covered Materials
          MACHAKOS UNIVERSITY LIBRARY MACHAKOS UNIVERSITY LIBRARY 12/10/2015 DONATION (BFA)   QA 152.2 .S85 2010 14471 12/10/2015 12/10/2015 Hard Covered Materials
          MACHAKOS UNIVERSITY LIBRARY MACHAKOS UNIVERSITY LIBRARY 12/10/2015 Donation(B.F.A)   QA 152.2 .S85 2010 14818 07/06/2019 12/10/2015 Hard Covered Materials
          MACHAKOS UNIVERSITY LIBRARY MACHAKOS UNIVERSITY LIBRARY 27/10/2015 Donation(B.F.A)   QA 154.3 .S85 2010 17212 03/06/2019 27/10/2015 Hard Covered Materials
© Machakos University Library, Along The Highway, Machakos Wote Rd, Machakos, Kenya P.O. Box 136 - 90100 Machakos - Kenya

Tel: ( +254 ) 723 805829 OR Fax : 044-20353 OR Email: library@mksu.ac.ke